000 01332cab a2200277 4500
001 ABS67462
008 040126n2003 000 0 eng u
035 _a(Sirsi) u124906
100 _aHart, A.
245 2 _aA neighbourhood renewal project in Dalston, Hackney: towards a new form of partnership for inner city regeneration
260 _c2003
490 _aJournal of Retail and Leisure Property
_v3(3) December 2003, 237-245(9)
520 _aReviews the prospects for real regeneration of the Bradbury Street area of Dalston, Hackney, rather than the familiar pattern of gentrification, and reports on the ideas that are now being tested in action across the UK, as the agenda for community-led regeneration and social enterprise gains momentum. Looks at propositions for achieving sustainability, the pivotal role of the community sector and focuses on how the private sector can contribute to real inner-city regeneration. References. (TAKEN FROM JOURNAL ABSTRACT).
590 _aABS
650 _aAFFORDABLE WORKSPACES
650 _aSOCIAL ENTERPRISES
650 _aCOMMUNITY PARTICIPATION
650 _aSustainability
_96271
650 _aDALSTON
650 _aINNER CITY DEVELOPMENT
650 _aHACKNEY
650 _aLONDON
650 _aNEIGHBOURHOOD RENEWAL
690 _aREGENERATION
942 _n0
999 _c74073
_d74073